Tennis - Trouvez la tenniswoman française - Statistiques

Statistiques générales
  • Ce quiz a été pris 189 fois
  • Le résultat moyen est 8 sur 15
Statistiques - réponses
Hint Réponse % Correct
A remporté l'Open d'Australie Amélie Mauresmo
94%
A e record de participations consécutives en Grand Chelem Alizé Cornet
88%
A remporté Roland Garros en double avec la précédente Caroline Garcia
88%
A remporté Wimbledon Marion Bartoli
86%
A remporté Roland Garros Mary Pierce
83%
A une série de 15 défaites consécutives Kristina Mladenovic
82%
10 ans séparent son deuxième titre (Tashkent 2008) de son troisième (Istanbul 2018) Pauline Parmentier
42%
A remporté son premier match professionnel en qualification de Roland Garros à 15 ans Diane Parry
37%
Ex-compagne de Jérémy Chardy Alizé Lim
36%
A remporté l'argent en simple et le bronze en double mixte au JO junior 2018 Clara Burel
36%
A battu Serena Williams pour sa seule défaite au premier tour d'un Grand Chelem Virginie Razzano
36%
Née en Belgique Fiona Ferro
32%
A remporté Roland Garros en mixte avec Richard Gasquet Tatiana Golovin
32%
A concouru pour l'Iran Aravane Rezaï
29%
9 défaites au premier tour de Roland Garros Camille Pin
5%
Aucun quiz correspondant
Distribution des résultats
% des personnes avec chaque résultat
Percentile par nombre de réponses
Votre historique - résultats
Vous n’avez pas pris ce quiz